000 00788nam a2200181Ia 4500
999 _c54798
_d54798
003 GCL
005 20240530105316.0
008 140319s9999 xx 000 0 ara d
040 _aGCL /
_cGCL
082 0 4 _a250/
_bب م
100 1 _aالباجى ، ابوالوليد سليمان بن خلف بن سعد بن ايوب بن وارث التجيبى الاندلسى
245 1 0 _aالمعتصر من المختصر من مشكل الاثار /
_cالباجى ، ابوالوليد سليمان بن خلف بن سعد بن ايوب بن وارث التجيبى الاندلسى
260 _aبيروت :
_bعالم الكتب،
_c[199-]
300 _a368 ص.؛
_c24 سم.
650 0 4 _aالشريعة الاسلامية
650 0 4 _aالفقه الاسلامى
942 _2ddc
_cBK